Boys like us /

Sábháilte in:
Sonraí bibleagrafaíochta
Príomhchruthaitheoir: Haussmann (Cumadóir)
Rannpháirtithe: Capdevielle, Jonathan (Aisteoir), Chiha, Patrick (Stiúrthóir), Carove, Florian (Aisteoir), Bouvet, Raphael (Aisteoir)
Formáid: Sleamhnán
Teanga:Fraincis
Béarla
Foilsithe / Cruthaithe: [France] : Epicentre Films, 2015
Clibeanna: Cuir clib leis
Níl clibeanna ann, Bí ar an gcéad duine le clib a chur leis an taifead seo!

MARC

LEADER 00000ngm a22000007i 4500
001 IT\ICCU\UBO\4188385
003 ItRI
005 20260124182906.0
008 160623s2015 fr |||||||||||||||k|||||c
028 4 2 |a EDV1796 
040 |b ita 
041 7 |a fre  |a eng  |2 ISO-639-2 
130 0 |a Boys like us <film ; 2014>  |3 IT\ICCU\UBO\4188387 
245 0 0 |a Boys like us /  |c un film de Patric Chiha ; musique original Haussmann. 
260 |a [France] :  |b Epicentre Films,  |c 2015 
300 |a 1 DVD video (125 min) :  |b color 
500 |a Caratteristiche tecniche: regione 0; PAL; 1.66:1; 16:9; Dolby digital, 5.1 - Lingue: francese; sottotitoli: inglese, francese per non udenti. - Titolo del contenitore 
500 |a Interpreti: Florian Carove, Jonathan Capdevielle, Raphael Bouvet. - Produzione cinematografica: Francia, 2014 
500 |a Contenuti speciali:entretiens et avant-premiere, galerie photos, bio-filmographie du realisateur, bande-annonce. 
700 1 |a Capdevielle, Jonathan  |0 IT\ICCU\DDSV\085014  |4 act 
700 1 |a Chiha, Patrick  |0 IT\ICCU\UBOV\430032  |4 drt 
700 0 |a Haussmann  |0 IT\ICCU\UBOV\430034  |4 cmp 
700 1 |a Carove, Florian  |0 IT\ICCU\UBOV\430035  |4 act 
700 1 |a Bouvet, Raphael  |0 IT\ICCU\UBOV\430036  |4 act 
942 |2 ddc  |c VM  |n 0 
952 |0 0  |1 0  |4 0  |6 VO_2194_000000000000000  |7 0  |9 27652  |a BO  |b BO  |d 2026-01-24  |i 18112  |l 0  |o VO 2194  |p BO18112  |r 2026-01-24 18:29:06  |w 2026-01-24  |x [Sebina 5] [1 dvd]  |y VM  |z 1 dvd 
999 |c 23436  |d 23436